| 000 | 00378nam a2200133 a 4500 | ||
|---|---|---|---|
| 001 | 000040840 | ||
| 005 | 20201002034423.0 | ||
| 008 | 130909s2000 pr 000 0 spa d | ||
| 040 |
_aDO-SdBNP _bspa _cBNPHU |
||
| 100 | 1 |
_aChiriboga, Jorge _967260 |
|
| 245 | 1 | 0 |
_aEnsayos y otros Balumbos / _cJorge Chiriboga. |
| 260 |
_aPuerto Rico : _bColibrÃ, _c2000. |
||
| 300 |
_a342 p. ; _c23 cm. |
||
| 999 |
_c40330 _d40330 |
||